LEADER 01909nam1 2200433 i 450 001 CFI0093204 005 20251003044120.0 010 $a8814015481 020 $aIT$b89-5117 100 $a20160526d1988 ||||0itac50 ba 101 | $amul 102 $ait 181 1$6z01$ai $bxxxe 182 1$6z01$an 183 1$6z01$anc$2RDAcarrier 200 1 $aModelli di democrazia industriale e sindacale$fa cura di Alessandro Anastasi 210 $aMilano$cA. Giuffrè$d1988 215 $a2 v.$d26 cm. 225 | $aUniversità di Messina, Facoltà di economia e commercio, Istituto di diritto commerciale e del lavoro$v11 410 0$1001CFI0093207$12001 $aUniversità di Messina, Facoltà di economia e commercio, Istituto di diritto commerciale e del lavoro$v11$171201$aUniversità degli studi di Messina$b : Istituto di diritto commerciale e del lavoro$3CFIV059743 463 1$1001MIL0293120$12000 $a1$fa cura di Alessandro Anastasi$v1 463 1$1001PAL0072203$12000 $a2$v2 676 $a344.01$9DIRITTO DEL LAVORO$v19 676 $a344.01$9DIRITTO DEL LAVORO$v20 676 $a344.01$9$v21 686 $a414.2$cM0VIMENTI E ORGANIZZAZIONI SINDACALI 1968-1989$2R 686 $a430.6$cLAVORO 1968-1989$2R 686 $aIT/4432.6$cRELAZIONI INDUSTRIALI ITALIA 1968-1989$2R 686 $aIT/4436.0$cLAVORO SINDACATI DEI LAVORATORI ITALIA 1968-1989$2R 686 $aIT/4436.8$cORGANIZZAZIONI SINDACALI E ALTRE ITALIA 1968-1989$2R 702 1$aAnastasi$b, Alessandro$3CFIV059726 801 3$aIT$bIT-000000$c20160526 850 $aIT-BN0095 901 $bNAP 01$cD $n$ 912 $aCFI0093204 950 1$aBiblioteca Centralizzata di Ateneo$c1 v.$d 01D (AR) 10 343$c1 v.$d 01D (AR) 10 344 977 $a 01 996 $aModelli di democrazia industriale e sindacale$9577399 997 $aUNISANNIO LEADER 02418nam 22006495 450 001 9910595025503321 005 20260209100848.0 010 $a3-031-17678-2 024 7 $a10.1007/978-3-031-17678-4 035 $a(CKB)5840000000091679 035 $a(MiAaPQ)EBC7102075 035 $a(Au-PeEL)EBL7102075 035 $a(PPN)264955099 035 $a(DE-He213)978-3-031-17678-4 035 $a(OCoLC)1346853075 035 $a(EXLCZ)995840000000091679 100 $a20220926d2022 u| 0 101 0 $aeng 135 $aurcnu|||||||| 181 $ctxt$2rdacontent 182 $cc$2rdamedia 183 $acr$2rdacarrier 200 10$aEpigenetics and Anticipation /$fedited by Mihai Nadin 205 $a1st ed. 2022. 210 1$aCham :$cSpringer International Publishing :$cImprint: Springer,$d2022. 215 $a1 online resource (232 pages) 225 1 $aCognitive Systems Monographs,$x1867-4933 ;$v45 311 08$a3-031-17677-4 320 $aIncludes bibliographical references. 327 $aContext ? A Subject More Important Than Ever -- DNA Methylation as an Epigenetic Mechanism of Anticipation -- The Genetics and Epigenetics of Anticipatory Adaptation. . 330 $aThis book helps transform the awareness of the anticipatory perspective into actionable methods for practitioners of medicine. It provides guidance for those who design new means and methods inspired by epigenetics, in particular to those who advance sustainable alternatives. 410 0$aCognitive Systems Monographs,$x1867-4933 ;$v45 606 $aComputational intelligence 606 $aBiomedical engineering 606 $aMedical genetics 606 $aComputational Intelligence 606 $aBiomedical Engineering and Bioengineering 606 $aMedical Genetics 606 $aEpigenètica$2thub 608 $aLlibres electrònics$2thub 615 0$aComputational intelligence. 615 0$aBiomedical engineering. 615 0$aMedical genetics. 615 14$aComputational Intelligence. 615 24$aBiomedical Engineering and Bioengineering. 615 24$aMedical Genetics. 615 7$aEpigenètica 676 $a929.374 676 $a610.28563 702 $aNadin$b Mihai 801 0$bMiAaPQ 801 1$bMiAaPQ 801 2$bMiAaPQ 906 $aBOOK 912 $a9910595025503321 996 $aEpigenetics and Anticipation$92915904 997 $aUNINA